[Event "bosnjaci18"]
[Site "Bosnjaci"]
[Date "2018.01.06"]
[Round "5.12"]
[White "Babic, Zvonko"]
[Black "Nikic, Patrick"]
[Result "1-0"]
[WhiteElo "2221"]
[BlackElo "1989"]
[PlyCount "71"]
[EventDate "2018.??.??"]

1. c4 Nf6 2. Nf3 e6 3. g3 d5 4. Bg2 dxc4 5. Qa4+ c6 6. Qxc4 b5 7. Qc2 Bb7 8. d4
Nbd7 9. e4 c5 10. e5 Nd5 11. Qe2 Qb6 12. dxc5 Bxc5 13. O-O O-O 14. Nbd2 h6 15.
Ne4 Be7 16. a3 a5 17. Rd1 b4 18. axb4 Ba6 19. Qe1 axb4 20. b3 Nc5 21. Be3 Nxe3
22. Qxe3 Rab8 23. Nd6 Rfd8 24. Rac1 Nd7 25. Qf4 Rf8 26. Ne4 Nc5 27. Nxc5 Bxc5
28. Nd2 Rfd8 29. Ne4 Rxd1+ 30. Rxd1 Rd8 31. Rxd8+ Qxd8 32. Nd6 f6 33. Qg4 Qd7
34. Ne4 Be7 35. exf6 h5 36. Qxg7# 1-0

[Event "bosnjaci18"]
[Site "Bosnjaci"]
[Date "2018.01.06"]
[Round "5.13"]
[White "Blazeka, Mihaela"]
[Black "Ljikar, Zoran"]
[Result "0-1"]
[WhiteElo "1984"]
[BlackElo "2192"]
[PlyCount "54"]
[EventDate "2018.??.??"]

1. e4 c5 2. Nf3 e6 3. c4 Nc6 4. d4 cxd4 5. Nxd4 Nf6 6. Nc3 Bb4 7. Nxc6 bxc6 8.
Bd3 e5 9. O-O O-O 10. Be3 Bxc3 11. bxc3 d6 12. h3 Be6 13. Qa4 Qc7 14. Rab1 d5
15. f4 dxe4 16. fxe5 Qxe5 17. Bd4 Qg5 18. Rxf6 gxf6 19. Bxe4 c5 20. Bxa8 cxd4
21. Qxa7 dxc3 22. Be4 Rd8 23. Rf1 Rd2 24. Rf2 Rd1+ 25. Rf1 Rxf1+ 26. Kxf1 Qf4+
27. Bf3 c2 0-1

[Event "bosnjaci18"]
[Site "Bosnjaci"]
[Date "2018.01.06"]
[Round "5.14"]
[White "Karabaic, Ivan"]
[Black "Kobas, Mihael"]
[Result "1-0"]
[WhiteElo "2182"]
[BlackElo "1980"]
[PlyCount "91"]
[EventDate "2018.??.??"]

1. Nf3 d5 2. g3 c6 3. Bg2 Nf6 4. d3 Bg4 5. O-O Nbd7 6. Nbd2 e5 7. e4 dxe4 8.
dxe4 Bc5 9. c3 O-O 10. Qc2 a5 11. h3 Bxf3 12. Nxf3 Qc7 13. Nh4 Rfe8 14. Nf5 h6
15. Bf3 Rad8 16. h4 Nf8 17. Be3 Bxe3 18. Nxe3 Ne6 19. Be2 b5 20. a4 b4 21. Kg2
b3 22. Qxb3 Nxe4 23. Rfd1 N4c5 24. Qc2 Rxd1 25. Rxd1 Rd8 26. Rxd8+ Qxd8 27. Qd1
Qxd1 28. Bxd1 Nd3 29. Nc4 Nec5 30. Kf3 f5 31. Ke3 g5 32. hxg5 hxg5 33. f3 f4+
34. gxf4 gxf4+ 35. Kd2 e4 36. fxe4 Nf2 37. Bc2 Nfxe4+ 38. Ke2 Ng5 39. Nxa5 f3+
40. Kf2 Nce4+ 41. Bxe4 Nxe4+ 42. Kxf3 Nc5 43. b3 Kf7 44. Ke3 Ke6 45. Nxc6 Nxb3
46. Nd4+ 1-0

[Event "bosnjaci18"]
[Site "Bosnjaci"]
[Date "2018.01.06"]
[Round "5.15"]
[White "Ascic, Anto"]
[Black "Jelic, Ivan"]
[Result "1/2-1/2"]
[WhiteElo "2122"]
[BlackElo "1926"]
[PlyCount "42"]
[EventDate "2018.??.??"]

1. d4 d5 2. c4 c6 3. Nc3 Nf6 4. Nf3 e6 5. e3 Nbd7 6. Bd3 Qc7 7. Qc2 dxc4 8.
Bxc4 Bd6 9. O-O O-O 10. e4 e5 11. h3 h6 12. Be3 b5 13. Be2 Bb7 14. Rac1 a6 15.
Nd5 Qd8 16. Nxf6+ Qxf6 17. dxe5 Nxe5 18. Nxe5 Bxe5 19. f4 Bd4 20. Bf2 c5 21.
Rcd1 Rfd8 1/2-1/2

[Event "bosnjaci18"]
[Site "Bosnjaci"]
[Date "2018.01.06"]
[Round "5.16"]
[White "Boban, Sten"]
[Black "Bogdanic, Katarina"]
[Result "1/2-1/2"]
[WhiteElo "2083"]
[BlackElo "1917"]
[PlyCount "75"]
[EventDate "2018.??.??"]

1. d4 Nf6 2. Nf3 e6 3. b3 b6 4. Bb2 Bb7 5. e3 c5 6. Bd3 Be7 7. O-O O-O 8. Nbd2
d5 9. Qe2 Nc6 10. a3 Rc8 11. c3 Qc7 12. Rac1 e5 13. e4 dxe4 14. Nxe4 exd4 15.
cxd4 cxd4 16. Nxd4 Nxd4 17. Nxf6+ Bxf6 18. Qh5 Ne2+ 19. Qxe2 Qf4 20. Rxc8 Rxc8
21. Re1 g6 22. Bc4 Bxb2 23. Qxb2 Qg5 24. f4 Qc5+ 25. Kf1 Bd5 26. Bxd5 Qxd5 27.
h3 Qd3+ 28. Kg1 Qg3 29. Re4 Qd3 30. Re1 Qg3 31. Re4 Qd3 32. Rd4 Qe3+ 33. Kh2
Rc3 34. Rd8+ Kg7 35. Rc8 Qg3+ 36. Kh1 Qe1+ 37. Kh2 Qg3+ 38. Kh1 1/2-1/2

[Event "bosnjaci18"]
[Site "Bosnjaci"]
[Date "2018.01.06"]
[Round "5.18"]
[White "Vukovic, Ivo"]
[Black "Kolanovic, Kazimir"]
[Result "1/2-1/2"]
[WhiteElo "2034"]
[BlackElo "1871"]
[PlyCount "85"]
[EventDate "2018.??.??"]

1. Nf3 d5 2. g3 Nf6 3. Bg2 c6 4. b3 Bf5 5. Bb2 h6 6. O-O e6 7. c4 Be7 8. d3 O-O
9. Qc2 Nbd7 10. Nbd2 Bh7 11. Rac1 Qb6 12. a3 a5 13. Bd4 Qc7 14. Qb2 Rfc8 15.
Ne5 Nxe5 16. Bxe5 Qd8 17. c5 b5 18. Nf3 Qf8 19. d4 g5 20. Bxf6 Bxf6 21. Ne5 Qe7
22. Rfe1 Bg7 23. e3 f6 24. Nf3 Be4 25. Nd2 Bxg2 26. Kxg2 f5 27. Nf3 Rf8 28. Qe2
Qc7 29. Rh1 a4 30. b4 Rae8 31. h4 g4 32. Ne1 e5 33. dxe5 Bxe5 34. Nd3 h5 35.
Qc2 Qe7 36. Nxe5 Qxe5 37. Rcd1 Qe4+ 38. Qxe4 fxe4 39. Rhe1 Re5 40. Rd4 Ref5 41.
Re2 Rf3 42. Kg1 Kg7 43. Kg2 1/2-1/2

[Event "bosnjaci18"]
[Site "Bosnjaci"]
[Date "2018.01.06"]
[Round "5.19"]
[White "Petricevic, Ivan"]
[Black "Dejanovic, Tereza"]
[Result "0-1"]
[WhiteElo "2025"]
[BlackElo "1779"]
[PlyCount "76"]
[EventDate "2018.??.??"]

1. Nf3 Nf6 2. b3 d5 3. Bb2 e6 4. e3 Nbd7 5. d4 Bd6 6. Bd3 O-O 7. Nbd2 Re8 8.
Ne5 c5 9. O-O Qc7 10. f4 b6 11. Rf3 Bb7 12. Nxd7 Qxd7 13. dxc5 Be7 14. Rh3 h6
15. cxb6 axb6 16. Qe2 Rec8 17. a4 Qd8 18. Rf1 Ne4 19. Nf3 Bf6 20. Ne5 Nc5 21.
Bb5 Ba6 22. Bxa6 Nxa6 23. Bd4 Qc7 24. Rf2 Nc5 25. g4 Ne4 26. Rg2 Rab8 27. g5
hxg5 28. Qh5 Kf8 29. Bb2 b5 30. axb5 Rxb5 31. Ba3+ Nc5 32. Nd3 gxf4 33. exf4 g6
34. Qh7 Qa5 35. Bxc5+ Rbxc5 36. b4 Qa1+ 37. Kf2 Rxc2+ 38. Kg3 Qc3 0-1

[Event "bosnjaci18"]
[Site "Bosnjaci"]
[Date "2018.01.06"]
[Round "5.20"]
[White "Mican, Mato"]
[Black "Pasalic, Adnan"]
[Result "1-0"]
[WhiteElo "1938"]
[BlackElo "2009"]
[PlyCount "91"]
[EventDate "2018.??.??"]

1. e4 e6 2. d4 d5 3. e5 c5 4. c3 Nc6 5. Nf3 Nge7 6. Bd3 Qb6 7. O-O cxd4 8. cxd4
Bd7 9. Bc2 Nb4 10. Nc3 Nxc2 11. Qxc2 Nf5 12. Be3 Rc8 13. Qd2 Be7 14. Rfc1 O-O
15. a3 a5 16. Ne2 Bb5 17. Ng3 Nxg3 18. hxg3 Bc4 19. Rc3 a4 20. Qc1 Rc6 21. Nd2
Ba6 22. Rxc6 bxc6 23. Qc3 Rb8 24. Rb1 Rc8 25. Rc1 f6 26. Nf3 Be2 27. Qc2 Qb5
28. exf6 gxf6 29. Re1 Bd3 30. Qc3 Kf7 31. g4 Bg6 32. g5 Rb8 33. gxf6 Bxf6 34.
Bc1 Be4 35. Qe3 Rg8 36. Qf4 Bxf3 37. Qxf3 Rg6 38. Qh3 Bxd4 39. Qxh7+ Bg7 40.
Re3 d4 41. Rf3+ Rf6 42. Bh6 Rxf3 43. Qxg7+ Ke8 44. gxf3 Qxb2 45. Bg5 Qxa3 46.
Qg8+ 1-0

[Event "bosnjaci18"]
[Site "Bosnjaci"]
[Date "2018.01.06"]
[Round "5.21"]
[White "Duda, Daniel"]
[Black "Blazeka, Djuro"]
[Result "1-0"]
[WhiteElo "1997"]
[BlackElo "1847"]
[PlyCount "121"]
[EventDate "2018.??.??"]

1. d4 d5 2. c4 e6 3. Nc3 Nf6 4. Bg5 Be7 5. Nf3 O-O 6. e3 h6 7. Bh4 Ne4 8. Bxe7
Qxe7 9. Bd3 Nxc3 10. bxc3 dxc4 11. Bxc4 c5 12. O-O Nc6 13. Qe2 a6 14. a4 Bd7
15. Rfb1 Rab8 16. Rb6 e5 17. d5 Na5 18. Rab1 Bg4 19. h3 Bxf3 20. gxf3 Qh4 21.
Bxa6 Qxa4 22. Qb5 Qa3 23. Qb2 Qxb2 24. R6xb2 Rbd8 25. Bxb7 Nxb7 26. Rxb7 Rxd5
27. Rc7 Rd6 28. Rxc5 Re8 29. Rb7 Rf6 30. Kg2 Rg6+ 31. Kf1 Rf6 32. Ke2 Ra8 33.
Rb2 Re6 34. c4 Ra1 35. Rc8+ Kh7 36. c5 Rc1 37. Kd2 Rc4 38. Rc2 Rxc2+ 39. Kxc2
Kg6 40. Kd3 Kf6 41. Ke4 Ra6 42. Kd5 Ra2 43. Re8 Rxf2 44. c6 Rd2+ 45. Kc5 Rc2+
46. Kb6 Rb2+ 47. Ka7 Ra2+ 48. Kb8 Rb2+ 49. Kc8 Rb3 50. c7 Rxe3 51. Kb7 Rb3+ 52.
Ka6 Rc3 53. c8=Q Rxc8 54. Rxc8 Kf5 55. Rc4 Ke6 56. Kb5 Kd5 57. Kb4 f5 58. Kc3
g5 59. Kd3 h5 60. Ra4 Kc5 61. Ra6 1-0

[Event "bosnjaci18"]
[Site "Bosnjaci"]
[Date "2018.01.06"]
[Round "5.22"]
[White "Tomljenovic, Mile"]
[Black "Bobanac, Miro"]
[Result "0-1"]
[WhiteElo "1800"]
[BlackElo "2297"]
[PlyCount "90"]
[EventDate "2018.??.??"]

1. e4 c5 2. Nc3 e6 3. Nf3 a6 4. a3 b5 5. g3 Bb7 6. d3 g6 7. Bg2 Bg7 8. Be3 d6
9. O-O Nc6 10. Rb1 Nge7 11. Qd2 Nd4 12. Bxd4 cxd4 13. Ne2 Qb6 14. b3 O-O 15. a4
e5 16. axb5 axb5 17. Ra1 Rfc8 18. Rfc1 d5 19. exd5 Nxd5 20. Ne1 h5 21. Rxa8
Rxa8 22. c4 dxc3 23. Nxc3 Ne7 24. Bxb7 Qxb7 25. Ne4 Nf5 26. Nf3 Bh6 27. Nfg5
Nd4 28. Qe3 Qe7 29. f4 Rd8 30. Nc5 Rc8 31. b4 Bxg5 32. fxg5 Qxg5 33. Qxg5 Nf3+
34. Kg2 Nxg5 35. h4 Ne6 36. Kf3 f5 37. Ke3 Kf7 38. Rc3 Nxc5 39. bxc5 Ke6 40. d4
Kd5 41. dxe5 Kxe5 42. c6 Kd6 43. Kd4 Rxc6 44. Rb3 Rc4+ 45. Ke3 Kc5 0-1

[Event "bosnjaci18"]
[Site "Bosnjaci"]
[Date "2018.01.06"]
[Round "5.23"]
[White "Draskic, Skender"]
[Black "Tomas, Ante"]
[Result "0-1"]
[WhiteElo "1799"]
[BlackElo "2124"]
[PlyCount "140"]
[EventDate "2018.??.??"]

1. e4 c5 2. f4 d5 3. Bb5+ Bd7 4. Qe2 dxe4 5. Bxd7+ Qxd7 6. Qxe4 Nf6 7. Qf3 Nc6
8. Ne2 e6 9. Nbc3 Nb4 10. Kd1 Be7 11. g4 O-O-O 12. a3 Nbd5 13. g5 Nxc3+ 14.
Nxc3 Nd5 15. Nxd5 Qxd5 16. Qxd5 Rxd5 17. d3 h6 18. h4 hxg5 19. fxg5 Bxg5 20.
Rg1 Bxc1 21. Rxc1 g6 22. Rf1 Rf5 23. Rh1 Rfh5 24. Rf1 Rxh4 25. Kd2 Rh2+ 26. Kc3
R8h7 27. Rf6 Kd7 28. b4 R2h5 29. Rcf1 cxb4+ 30. axb4 Rf5 31. b5 Rxf1 32. Rxf1
g5 33. Ra1 Kc7 34. Kb4 Kb6 35. c4 Rh4 36. Rg1 g4 37. c5+ Kc7 38. d4 f5 39. Kc4
f4 40. Kd3 Rh3+ 41. Ke4 Rg3 42. Rh1 Rh3 43. Rg1 Rg3 44. Rh1 f3 45. Rh7+ Kc8 46.
Rf7 Rh3 47. Kf4 Rh1 48. Kg3 Rg1+ 49. Kf2 Rg2+ 50. Kf1 Rb2 51. Rg7 Rxb5 52. Rxg4
Rb2 53. Rg7 Rd2 54. Re7 Rxd4 55. Rxe6 Kd7 56. Rf6 Rc4 57. Rxf3 Rxc5 58. Rf6 Rc2
59. Ke1 Kc7 60. Kd1 Rh2 61. Kc1 a5 62. Kb1 Rd2 63. Rf7+ Kb6 64. Rf6+ Kc5 65.
Rf5+ Kb6 66. Rf6+ Kb5 67. Rf5+ Ka6 68. Kc1 Rh2 69. Re5 a4 70. Kb1 b5 0-1

[Event "bosnjaci18"]
[Site "Bosnjaci"]
[Date "2018.01.06"]
[Round "5.24"]
[White "Samblic, Silvano"]
[Black "Antolovic, Pero"]
[Result "1/2-1/2"]
[WhiteElo "2015"]
[BlackElo "1777"]
[PlyCount "109"]
[EventDate "2018.??.??"]

1. e4 e6 2. d3 c6 3. Nc3 d5 4. g3 Bd6 5. Bg2 Nd7 6. f4 Ne7 7. Nf3 a6 8. O-O b5
9. Bh3 O-O 10. Nh4 Nb6 11. e5 Bc7 12. d4 Nd7 13. Be3 Bb6 14. Ne2 c5 15. c3 Nc6
16. Qd2 cxd4 17. cxd4 f5 18. Nf3 h6 19. g4 Qe8 20. gxf5 exf5 21. Qc2 Ne7 22.
Ng3 Nb8 23. Nh4 Qf7 24. Kh1 Nbc6 25. Rad1 Be6 26. Rg1 Kh8 27. Qe2 g6 28. Qd3
Rg8 29. Rc1 Rac8 30. a4 bxa4 31. Qxa6 Bxd4 32. Bxd4 Nxd4 33. Rxc8 Rxc8 34. Qxa4
Rc4 35. Qa7 Ndc6 36. Qa8+ Kh7 37. b3 Rxf4 38. Nxg6 Nxg6 39. Qxc6 Rh4 40. Bg2 f4
41. Rf1 Nxe5 42. Qc2+ Qg6 43. Qc7+ Qg7 44. Qxg7+ Kxg7 45. Ne2 f3 46. Bxf3 Nxf3
47. Rxf3 d4 48. Kg1 Re4 49. Ng3 Re1+ 50. Kf2 Rb1 51. Rd3 Rb2+ 52. Kg1 Rxb3 53.
Rxd4 Bh3 54. Nh5+ Kg6 55. Nf4+ 1/2-1/2

[Event "bosnjaci18"]
[Site "Bosnjaci"]
[Date "2018.01.06"]
[Round "6.1"]
[White "Kovacevic, Blazimir"]
[Black "Tica, Sven"]
[Result "1/2-1/2"]
[WhiteElo "2486"]
[BlackElo "2441"]
[PlyCount "31"]
[EventDate "2018.??.??"]

1. g3 d5 2. Nf3 Nf6 3. Bg2 e6 4. O-O Be7 5. d3 O-O 6. Nbd2 b6 7. e4 Bb7 8. e5
Nfd7 9. Re1 c5 10. h4 Nc6 11. Nf1 Re8 12. N1h2 Nf8 13. Bf4 h6 14. Qc1 Nh7 15.
Ng4 Bf8 16. Ngh2 1/2-1/2

[Event "bosnjaci18"]
[Site "Bosnjaci"]
[Date "2018.01.06"]
[Round "6.2"]
[White "Cabarkapa, Novak"]
[Black "Muha, Miljenko"]
[Result "0-1"]
[WhiteElo "2441"]
[BlackElo "2371"]
[PlyCount "104"]
[EventDate "2018.??.??"]

1. e4 e6 2. d4 d5 3. Nc3 Bb4 4. e5 c5 5. a3 Bxc3+ 6. bxc3 Qa5 7. Bd2 Qa4 8. Qg4
Kf8 9. Qd1 Ne7 10. Nf3 b6 11. dxc5 bxc5 12. Rb1 Ba6 13. Bxa6 Nxa6 14. O-O h6
15. Qe2 Nc6 16. Qb5 Qxb5 17. Rxb5 g5 18. Be3 Kg7 19. Bxc5 Nxc5 20. Rxc5 Rhc8
21. Rb5 g4 22. Nd4 Nxe5 23. Rb7 Kf6 24. Nb5 Rab8 25. Rxb8 Rxb8 26. Nd4 Rb2 27.
Ra1 Nc4 28. f3 gxf3 29. Rf1 Nd2 30. Rd1 Rb1 31. Rxb1 Nxb1 32. Nb5 a6 33. Nc7
Nxa3 34. Nxa6 fxg2 35. Nb4 Nb5 36. Na2 e5 37. Kxg2 e4 38. Kf2 Ke5 39. Ke2 f5
40. Kd2 f4 41. Nb4 f3 42. c4 dxc4 43. Ke3 Nc3 44. Nc6+ Kd5 45. Ne7+ Ke6 46. Nc6
Nd1+ 47. Kd2 f2 48. Ke2 e3 49. Nd4+ Kd5 50. Nb5 Kc5 51. Nc7 Nc3+ 52. Kf1 Ne4
0-1

[Event "bosnjaci18"]
[Site "Bosnjaci"]
[Date "2018.01.06"]
[Round "6.3"]
[White "Goric, Esad"]
[Black "Jovanovic, Zoran"]
[Result "0-1"]
[WhiteElo "2263"]
[BlackElo "2535"]
[PlyCount "50"]
[EventDate "2018.??.??"]

1. Nf3 g6 2. c4 Bg7 3. g3 c5 4. Bg2 Nc6 5. O-O d6 6. Nc3 e6 7. a3 Nge7 8. Rb1
O-O 9. b4 b6 10. Qc2 Bb7 11. e3 Qd7 12. Ne2 Rac8 13. Bb2 e5 14. b5 Nd8 15. d3
Ne6 16. Nc3 f5 17. e4 Rf7 18. Nd5 Rcf8 19. Qe2 Bc8 20. a4 Qd8 21. a5 f4 22.
axb6 axb6 23. Ra1 Nxd5 24. cxd5 Nc7 25. Nd2 f3 0-1

[Event "bosnjaci18"]
[Site "Bosnjaci"]
[Date "2018.01.06"]
[Round "6.4"]
[White "Stocko, Josip"]
[Black "Sertic, Rudolf"]
[Result "1/2-1/2"]
[WhiteElo "2308"]
[BlackElo "2365"]
[PlyCount "66"]
[EventDate "2018.??.??"]

1. e4 c5 2. Nf3 e6 3. d4 cxd4 4. Nxd4 a6 5. Bd3 Nf6 6. Qe2 d6 7. c4 Nbd7 8. O-O
Qc7 9. b3 b6 10. Bb2 Bb7 11. Nc3 Be7 12. f4 O-O 13. Rae1 Rfd8 14. Kh1 Rac8 15.
Nf3 Bf8 16. Bb1 g6 17. e5 Nh5 18. Ng5 Bh6 19. Nxf7 Kxf7 20. f5 Kg8 21. fxg6
hxg6 22. Qg4 Nf8 23. exd6 Rxd6 24. Ne4 Bxe4 25. Bxe4 Bg7 26. Bxg6 Nxg6 27. Qxg6
Qb7 28. Be5 Rd2 29. Qxe6+ Kh7 30. Qf5+ Kg8 31. Qe6+ Kh7 32. Qf5+ Kg8 33. Qe6+
Kh7 1/2-1/2

[Event "bosnjaci18"]
[Site "Bosnjaci"]
[Date "2018.01.06"]
[Round "6.5"]
[White "Mrkonjic, Nenad"]
[Black "Blagojevic, Marijan"]
[Result "1-0"]
[WhiteElo "2345"]
[BlackElo "2145"]
[PlyCount "135"]
[EventDate "2018.??.??"]

1. Nf3 Nf6 2. c4 e6 3. Nc3 d5 4. d4 Be7 5. Bf4 O-O 6. e3 a6 7. h3 dxc4 8. Bxc4
b5 9. Be2 Nbd7 10. O-O Bb7 11. Rc1 c5 12. dxc5 Nxc5 13. a3 Rc8 14. Be5 h6 15.
b4 Ncd7 16. Bd6 Nb6 17. Bxe7 Qxe7 18. Qb3 Rfd8 19. Rfd1 Rxd1+ 20. Qxd1 Nc4 21.
Bxc4 Rxc4 22. Nd2 Rc8 23. Nb3 Nd7 24. Na5 Ne5 25. Ne2 Rd8 26. Qc2 Rc8 27. Qb2
Rxc1+ 28. Qxc1 Qd7 29. Nd4 Qd5 30. f3 Nc4 31. Nxc4 bxc4 32. Kf2 g6 33. Qc3 e5
34. Ne2 f5 35. Qc2 Kf7 36. Nc3 Qd8 37. Qd1 Qh4+ 38. Kf1 Qe7 39. Qe2 Qc7 40. Qd2
Kg7 41. Ne2 Kf7 42. Ke1 g5 43. Nc3 Kg6 44. Qc2 Kf6 45. Kf2 Qd6 46. Qd1 Qc7 47.
Qd2 Kg6 48. Ke1 Kf6 49. Kd1 Kg6 50. Kc2 Kf7 51. Kc1 Ke6 52. Qc2 Qb6 53. Nd1 Qc6
54. Nc3 Qb6 55. Kd2 Qd6+ 56. Ke2 Qc7 57. Na4 Kf6 58. Nc5 Bd5 59. Qa4 e4 60.
fxe4 fxe4 61. Qd1 Qc6 62. Qd4+ Kg6 63. Kd2 h5 64. Kc3 h4 65. Qe5 Kh6 66. Kd4
Bf7 67. Nxe4 c3 68. Qxg5+ 1-0

[Event "bosnjaci18"]
[Site "Bosnjaci"]
[Date "2018.01.06"]
[Round "6.6"]
[White "Radovanovic, Nikola"]
[Black "Karabaic, Ivan"]
[Result "1-0"]
[WhiteElo "2441"]
[BlackElo "2182"]
[PlyCount "53"]
[EventDate "2018.??.??"]

1. d4 Nf6 2. c4 e6 3. Nc3 Bb4 4. e3 O-O 5. Nge2 Re8 6. a3 Bf8 7. d5 exd5 8.
cxd5 d6 9. Ng3 c5 10. Be2 a6 11. a4 g6 12. O-O Bg7 13. e4 Nbd7 14. Be3 Nf8 15.
f3 h5 16. Qd2 N8h7 17. Nh1 Nd7 18. Nf2 Rb8 19. a5 b5 20. axb6 Qxb6 21. Ra2 Ne5
22. b4 Qc7 23. bxc5 dxc5 24. f4 Nd7 25. e5 Rb3 26. d6 Qd8 27. Nd5 1-0

[Event "bosnjaci18"]
[Site "Bosnjaci"]
[Date "2018.01.06"]
[Round "6.7"]
[White "Ivekovic, Tihana"]
[Black "Klasan, Vladimir"]
[Result "1-0"]
[WhiteElo "2161"]
[BlackElo "2389"]
[PlyCount "85"]
[EventDate "2018.??.??"]

1. d4 Nf6 2. c4 c5 3. d5 e6 4. Nc3 exd5 5. cxd5 d6 6. e4 g6 7. Nf3 a6 8. a4 Bg4
9. Be2 Bxf3 10. Bxf3 Bg7 11. O-O O-O 12. Bf4 Qe7 13. Re1 Nbd7 14. Rb1 Rab8 15.
Be2 Rfc8 16. b3 Ne8 17. Bd2 Nc7 18. Qc2 Re8 19. Bf1 b5 20. axb5 Nxb5 21. Bxb5
axb5 22. b4 c4 23. f4 g5 24. e5 gxf4 25. exd6 Qg5 26. Kh1 Be5 27. Ne4 Qf5 28.
Qd1 Bd4 29. Qf3 Kh8 30. Qxf4 Qxd5 31. Nc3 Bxc3 32. Bxc3+ f6 33. Re7 Rxe7 34.
dxe7 Qf7 35. Rd1 Qxe7 36. Rxd7 Qxd7 37. Qxb8+ Kg7 38. Qg3+ Kf7 39. h4 Qf5 40.
Qf3 Qe6 41. Qh5+ Kg7 42. Qxb5 Qg4 43. Qg5+ 1-0

[Event "bosnjaci18"]
[Site "Bosnjaci"]
[Date "2018.01.06"]
[Round "6.8"]
[White "Ascic, Pero"]
[Black "Zlatarevic, Ivan"]
[Result "1/2-1/2"]
[WhiteElo "2323"]
[BlackElo "2025"]
[PlyCount "123"]
[EventDate "2018.??.??"]

1. e4 c6 2. d4 d5 3. Nd2 dxe4 4. Nxe4 Bf5 5. Ng3 Bg6 6. Nf3 Nd7 7. Bd3 Bxd3 8.
Qxd3 e6 9. O-O Ngf6 10. b3 Bd6 11. c4 O-O 12. Bb2 Qc7 13. Rfe1 Rad8 14. Ne4
Nxe4 15. Qxe4 Rfe8 16. g3 Qa5 17. a3 Qh5 18. Kg2 a6 19. Rad1 Qg6 20. Qe2 Qh5
21. h3 Qa5 22. Qc2 Qc7 23. Ng5 Nf8 24. Re2 h6 25. Nf3 Nd7 26. Rde1 Qc8 27. Qc3
Bf8 28. Qc2 g6 29. h4 Bg7 30. a4 Qc7 31. Bc3 b5 32. Bd2 bxa4 33. bxa4 a5 34.
Qc1 Kh7 35. Qc2 Kg8 36. Bc3 Ra8 37. Bd2 Rec8 38. Bf4 Qd8 39. Qc1 Kh7 40. Qc2
Kg8 41. Rd1 Nb8 42. Be5 Na6 43. Red2 Nb4 44. Qe4 Bf8 45. Qg4 Bg7 46. Bxg7 Kxg7
47. Ne5 Qf6 48. Nd7 Qd8 49. Ne5 Qf6 50. Qe4 Qf5 51. Qxf5 gxf5 52. Nd7 Rd8 53.
Nc5 Kf6 54. Kf3 Rab8 55. Nb3 Ra8 56. Rb1 Rdb8 57. Nc5 Ra7 58. Rbb2 Ke7 59. d5
Kd6 60. Nd3 cxd5 61. cxd5 e5 62. Nxb4 1/2-1/2

[Event "bosnjaci18"]
[Site "Bosnjaci"]
[Date "2018.01.06"]
[Round "6.9"]
[White "Petrusic, Toni"]
[Black "Grubisic, Ivica"]
[Result "1/2-1/2"]
[WhiteElo "2278"]
[BlackElo "1942"]
[PlyCount "100"]
[EventDate "2018.??.??"]

1. e4 c5 2. Ne2 Nc6 3. g3 g6 4. Bg2 Bg7 5. c3 e5 6. O-O Nge7 7. d3 O-O 8. Be3
d6 9. Na3 Rb8 10. Nc2 Bg4 11. f3 Be6 12. b4 b6 13. b5 Na5 14. c4 Qc8 15. Nc3 a6
16. bxa6 Qxa6 17. Na3 Nac6 18. Nab5 Rfd8 19. Rb1 Rd7 20. a4 Nb4 21. Nd5 Bxd5
22. cxd5 Qb7 23. Bh3 Rdd8 24. Qb3 Na6 25. Rf2 Nb4 26. Rfb2 Na6 27. Na3 Qa7 28.
Nb5 Qb7 29. Bg5 h6 30. Bd2 Nc7 31. Na3 Qa6 32. Qc4 Qa7 33. Kf1 f5 34. Ke2 Kf7
35. Bc3 Ke8 36. Nb5 Nxb5 37. Qxb5+ Kf7 38. a5 bxa5 39. Qxb8 Rxb8 40. Rxb8 a4
41. R1b7 Qa6 42. Rb6 Qa7 43. R8b7 Qa8 44. exf5 gxf5 45. Bxf5 Bf6 46. Be6+ Kg6
47. Rb8 Qa7 48. R8b7 Qa8 49. Rb8 Qa7 50. R8b7 Qa8 1/2-1/2

[Event "bosnjaci18"]
[Site "Bosnjaci"]
[Date "2018.01.06"]
[Round "6.10"]
[White "Duda, Daniel"]
[Black "Popovic, Milan S"]
[Result "1/2-1/2"]
[WhiteElo "1997"]
[BlackElo "2264"]
[PlyCount "68"]
[EventDate "2018.??.??"]

1. d4 Nf6 2. c4 g6 3. Nc3 Bg7 4. e4 O-O 5. Nf3 c6 6. Be2 d5 7. e5 Ne4 8. O-O
Nxc3 9. bxc3 dxc4 10. Bxc4 c5 11. Be3 cxd4 12. cxd4 Nc6 13. Qe2 Na5 14. Rab1
Nxc4 15. Qxc4 Be6 16. Qa4 Bd5 17. Rfc1 Bc6 18. Qb3 Qd7 19. Ne1 b6 20. Nd3 Bd5
21. Qb2 Be4 22. Rc3 Bxd3 23. Rxd3 Bxe5 24. Bh6 Rfd8 25. Rbd1 Bf6 26. Qd2 Qd5
27. Qf4 Qh5 28. Re1 g5 29. Bxg5 Bxg5 30. Rg3 Rd5 31. h4 Rad8 32. Rxg5+ Rxg5 33.
hxg5 e6 34. Rc1 Rf8 1/2-1/2

[Event "bosnjaci18"]
[Site "Bosnjaci"]
[Date "2018.01.06"]
[Round "6.11"]
[White "Dejanovic, Tereza"]
[Black "Babic, Zvonko"]
[Result "1/2-1/2"]
[WhiteElo "1779"]
[BlackElo "2221"]
[PlyCount "36"]
[EventDate "2018.??.??"]

1. e4 c6 2. d4 d5 3. exd5 cxd5 4. c3 Nf6 5. Bd3 e6 6. Bf4 Bd6 7. Bxd6 Qxd6 8.
Nf3 Nc6 9. O-O O-O 10. Re1 Bd7 11. Nbd2 Rab8 12. a4 a6 13. Nb3 Rfe8 14. Ne5 Ne7
15. Nc5 a5 16. Ncxd7 Nxd7 17. Bxh7+ Kf8 18. Qh5 Nxe5 1/2-1/2

[Event "bosnjaci18"]
[Site "Bosnjaci"]
[Date "2018.01.06"]
[Round "6.12"]
[White "Ljikar, Zoran"]
[Black "Mican, Mato"]
[Result "0-1"]
[WhiteElo "2192"]
[BlackElo "1938"]
[PlyCount "64"]
[EventDate "2018.??.??"]

1. d4 d5 2. Nc3 Nf6 3. Bg5 Nbd7 4. f3 e6 5. e4 dxe4 6. fxe4 Be7 7. Nf3 O-O 8.
Qd2 a6 9. O-O-O b5 10. e5 b4 11. exf6 bxc3 12. Qxc3 Nxf6 13. h4 Bb7 14. Qe1 Qd6
15. Bd3 Rab8 16. Qe2 Qb4 17. c3 Qa4 18. Ne5 Bd5 19. c4 Qxa2 20. Bb1 Qa1 21.
cxd5 Rxb2 22. Qxb2 Ba3 23. Qxa3 Qxa3+ 24. Kd2 Nxd5 25. Nd3 Qc3+ 26. Ke2 Qxd4
27. Bd2 e5 28. Nf2 Rb8 29. Rh3 Rb2 30. Rd3 Nf4+ 31. Kf3 Nxd3 32. Bxd3 e4+ 0-1

[Event "bosnjaci18"]
[Site "Bosnjaci"]
[Date "2018.01.06"]
[Round "6.13"]
[White "Jelic, Ivan"]
[Black "Zaja, Ivan"]
[Result "0-1"]
[WhiteElo "1926"]
[BlackElo "2454"]
[PlyCount "78"]
[EventDate "2018.??.??"]

1. e4 e6 2. d4 d5 3. Nd2 Nf6 4. e5 Nfd7 5. Ndf3 c5 6. c3 Nc6 7. Ne2 Qa5 8. Bd2
Qb6 9. Qb3 Na5 10. Qxb6 axb6 11. Nc1 Nc4 12. Bxc4 dxc4 13. O-O cxd4 14. cxd4 b5
15. Ne2 Nb6 16. Nc3 Bd7 17. a3 h6 18. Be3 Bc6 19. Nd2 Kd7 20. f4 Nd5 21. Nxd5
Bxd5 22. Rac1 f5 23. exf6 gxf6 24. f5 Re8 25. fxe6+ Rxe6 26. Bf4 h5 27. Rce1
Rxe1 28. Rxe1 b4 29. axb4 Bxb4 30. Re2 c3 31. bxc3 Bxc3 32. Be3 Ra8 33. Kf2 Ra1
34. Kg3 b5 35. Kh4 b4 36. Kxh5 Ra2 37. Rf2 Bxd2 38. Rxd2 b3 39. Kg6 Rxd2 0-1

[Event "bosnjaci18"]
[Site "Bosnjaci"]
[Date "2018.01.06"]
[Round "6.14"]
[White "Bobanac, Miro"]
[Black "Klasan, Elvis"]
[Result "1/2-1/2"]
[WhiteElo "2297"]
[BlackElo "1898"]
[PlyCount "68"]
[EventDate "2018.??.??"]

1. b3 d5 2. Bb2 Nf6 3. e3 Bf5 4. Nf3 h6 5. c4 e6 6. Be2 Nbd7 7. O-O c6 8. d3
Be7 9. Re1 O-O 10. Nbd2 Nc5 11. Ne5 Nfd7 12. Ndf3 Nxe5 13. Nxe5 dxc4 14. bxc4
f6 15. d4 fxe5 16. dxc5 Qc7 17. Ba3 Rfd8 18. Qb3 Rd7 19. Rad1 Rad8 20. Qc3 Bf6
21. Rd6 e4 22. Qb3 Be5 23. Red1 Bxd6 24. cxd6 Rxd6 25. Rxd6 Rxd6 26. Bxd6 Qxd6
27. Qxb7 Qd2 28. Bf1 Qxa2 29. Qxc6 a5 30. c5 Qd5 31. Qe8+ Kh7 32. c6 e5 33. Qa8
Bd7 34. h3 Bxc6 1/2-1/2

[Event "bosnjaci18"]
[Site "Bosnjaci"]
[Date "2018.01.06"]
[Round "6.15"]
[White "Tomas, Ante"]
[Black "Mican, Karmela"]
[Result "1-0"]
[WhiteElo "2124"]
[BlackElo "1873"]
[PlyCount "125"]
[EventDate "2018.??.??"]

1. e4 e5 2. Bc4 Nf6 3. d3 Be7 4. Nc3 O-O 5. f4 exf4 6. Bxf4 d6 7. Nf3 c6 8. O-O
Nbd7 9. Kh1 Nb6 10. Bb3 h6 11. Qe1 Bd7 12. h3 Qc8 13. a4 a5 14. g4 c5 15. Qe3
Be6 16. Rg1 Bxb3 17. cxb3 Kh7 18. Ne2 d5 19. Ng3 dxe4 20. dxe4 Qe6 21. Nf5 Ng8
22. Rg2 Nd7 23. Rd2 Rfe8 24. Rad1 Nf8 25. Qc3 Bf6 26. e5 Be7 27. Nd6 Bxd6 28.
Rxd6 Qc8 29. Bg3 Ne6 30. Rd7 Re7 31. Qd3+ Kh8 32. Qd6 Rxd7 33. Qxd7 f6 34. Qxc8
Rxc8 35. Rd7 Rd8 36. Rxb7 Rd3 37. Kg2 Nd4 38. Nxd4 Rxd4 39. Rc7 Rd2+ 40. Kf1
Rxb2 41. e6 Rxb3 42. Bd6 Re3 43. e7 Kh7 44. Bxc5 Re6 45. Rc8 Nxe7 46. Re8 Rc6
47. Bxe7 Re6 48. Kf2 Kg6 49. Kf3 Kf7 50. Ra8 Rxe7 51. Rxa5 Kg6 52. Rf5 Ra7 53.
a5 Kf7 54. Ke4 Ke6 55. Kd4 Kd6 56. Kc4 Kc6 57. Rc5+ Kd6 58. Kb4 g6 59. Rb5 f5
60. gxf5 gxf5 61. Rxf5 Ke6 62. Rh5 Rb7+ 63. Kc5 1-0